000 00685nam a2200217 4500
003 OSt
005 20260423012632.0
006 a
008 240629b |||||||| |||| 00| 0 eng d
020 _a9780313358685
040 _aDWCL-Main lib.
_cOC
082 _aCirc. 618.9289 L469p 2011
100 _aLeCroy, Craig W.
245 _aParenting mentally ill children: faith, caring, support, and surviving the system /
260 _aSanta Barbara, Calif. :
_bPraeger,
_cc2011.
300 _ax,
_b204 p. ;
_c24 cm.
504 _aIncludes bibliographical references and index.
650 _a1. Mentally ill children-Care.
650 _a2. Parenting.
942 _2ddc
_n0
_cBK-CIRC
_kCirc.
999 _c1625
_d1625